Dishwashing liquid with aloe vera / (Record no. 3504)
[ view plain ]
| 000 -LEADER | |
|---|---|
| fixed length control field | 02056nam a22003137a 4500 |
| 003 - CONTROL NUMBER IDENTIFIER | |
| control field | OSt |
| 005 - DATE AND TIME OF LATEST TRANSACTION | |
| control field | 20250308010437.0 |
| 008 - FIXED-LENGTH DATA ELEMENTS--GENERAL INFORMATION | |
| fixed length control field | 240531b ||||| |||| 00| 0 eng d |
| 040 ## - CATALOGING SOURCE | |
| Language of cataloging | English. |
| Transcribing agency | CvSU-CCAT Campus Library. |
| Description conventions | rda. |
| 050 ## - LIBRARY OF CONGRESS CALL NUMBER | |
| Classification number | UM TX 324 |
| Item number | E44 2008 |
| 100 ## - MAIN ENTRY--PERSONAL NAME | |
| Personal name | Emelo, Jarvin Yco, author. |
| 9 (RLIN) | 13175 |
| 245 ## - TITLE STATEMENT | |
| Title | Dishwashing liquid with aloe vera / |
| Statement of responsibility, etc. | Jarvin Yco Emelo. |
| 260 ## - PUBLICATION, DISTRIBUTION, ETC. | |
| Place of publication, distribution, etc. | Rosario, Cavite : |
| Name of publisher, distributor, etc. | Cavite State University-CCAT Campus, |
| Date of publication, distribution, etc. | 2008. |
| 300 ## - PHYSICAL DESCRIPTION | |
| Extent | x, 25 leaves : |
| Other physical details | illustrations ; |
| Dimensions | 28 cm |
| 500 ## - GENERAL NOTE | |
| General note | Research Study (LSHS) -- Cavite State University-CCAT Campus, 2008. |
| 504 ## - BIBLIOGRAPHY, ETC. NOTE | |
| Bibliography, etc. note | Includes bibliographical references and appendices. |
| 520 ## - SUMMARY, ETC. | |
| Thesis Abstract | <a href=" This study entitled "Dishwashing Liquid with Aloe Vera" was conducted at Tejeros Convention Rosario, Cavite from October-December 2007 with the following objectives (1) Identify the most effective concentration of Aloe Vera in dishwashing liquid. (2). Determine the significant difference between Aloe Vera and commercial dishwashing liquid as grease remover.<br/><br/> Randomized Complete Block Design (RCBD) was used in the study with seven trials and three replications. There are T0 (commercial Dishwashing liquid), T1 (25% Aloe Vera, 75% dishwashing liquid, T2 (50% Aloe Vera, 50% dishwashing liquid), T3 (75% Aloe Vera, 25% dishwashing liquid).<br/><br/> Based on the experiment conducted it is concluded that Aloe Vera is a grease remover and effective component of dishwashing liquid. Aside from its cleaning properties, it is gentle to hand due to its normal range of pH level.<br/>"> This study entitled "Dishwashing Liquid with Aloe Vera" was conducted at Tejeros Convention Rosario, Cavite from October-December 2007 with the following objectives (1) Identify the most effective concentration of Aloe Vera in dishwashing liquid. (2). Determine the significant difference between Aloe Vera and commercial dishwashing liquid as grease remover.<br/><br/> Randomized Complete Block Design (RCBD) was used in the study with seven trials and three replications. There are T0 (commercial Dishwashing liquid), T1 (25% Aloe Vera, 75% dishwashing liquid, T2 (50% Aloe Vera, 50% dishwashing liquid), T3 (75% Aloe Vera, 25% dishwashing liquid).<br/><br/> Based on the experiment conducted it is concluded that Aloe Vera is a grease remover and effective component of dishwashing liquid. Aside from its cleaning properties, it is gentle to hand due to its normal range of pH level.<br/></a> |
| 546 ## - LANGUAGE NOTE | |
| Language note | In English text |
| 650 ## - SUBJECT ADDED ENTRY--TOPICAL TERM | |
| Topical term or geographic name entry element | Dishwashing liquid. |
| 9 (RLIN) | 15032 |
| 650 ## - SUBJECT ADDED ENTRY--TOPICAL TERM | |
| Topical term or geographic name entry element | Aloe vera extract. |
| 9 (RLIN) | 15033 |
| 650 ## - SUBJECT ADDED ENTRY--TOPICAL TERM | |
| Topical term or geographic name entry element | Natural ingredients. |
| 9 (RLIN) | 15034 |
| 650 ## - SUBJECT ADDED ENTRY--TOPICAL TERM | |
| Topical term or geographic name entry element | Surfactant properties. |
| 9 (RLIN) | 15035 |
| 650 ## - SUBJECT ADDED ENTRY--TOPICAL TERM | |
| Topical term or geographic name entry element | Consumer acceptability. |
| 9 (RLIN) | 14281 |
| 650 ## - SUBJECT ADDED ENTRY--TOPICAL TERM | |
| Topical term or geographic name entry element | Innovatec cleaning solutions. |
| 9 (RLIN) | 15036 |
| 650 ## - SUBJECT ADDED ENTRY--TOPICAL TERM | |
| Topical term or geographic name entry element | Product development. |
| 9 (RLIN) | 13688 |
| 700 ## - ADDED ENTRY--PERSONAL NAME | |
| Personal name | Emelo, Marian A., adviser. |
| 9 (RLIN) | 13869 |
| 942 ## - ADDED ENTRY ELEMENTS (KOHA) | |
| Source of classification or shelving scheme | Library of Congress Classification |
| Koha item type | Thesis/Manuscripts/Dissertations |
| Call number prefix | UM |
| Classification part | TX 324 E44 2008 |
| Withdrawn status | Lost status | Source of classification or shelving scheme | Damaged status | Not for loan | Collection code | Home library | Current library | Shelving location | Date acquired | Coded location qualifier | Full call number | Barcode | Date last seen | Copy number | Price effective from | Koha item type |
|---|---|---|---|---|---|---|---|---|---|---|---|---|---|---|---|---|
| Library of Congress Classification | Thesis/Manuscript/Dissertation | Cavite State University - CCAT Campus | Cavite State University - CCAT Campus | TH | 06/20/2008 | UM | UM TX 324 E44 2008 | T00023 | 10/24/2025 | 1 | 05/31/2024 | Thesis/Manuscripts/Dissertations |
